แสดงรายละเอียดบรรณานุกรม
  กลับหน้าหลัก

Brief Record : Get Marc (ISO 2709) : E-mail record : QR code ปิดหน้าต่าง
E-books : เกี่ยวกับ Collections
LEADER 00000nam 2200000uu 4500
001    211819
003     ULIBM
008    020711s2553 th a 000 0 tha d
020    9789746554091
041    ^atha
050  4 P90 ก426ค 2553
100    กาญจนา มีศิลปวิกกัย
245    ความรู้เบื้องต้นและทฤษฎีการสื่อสาร=^bIntroduction and theory of communication/^cกาญจนา มีศิลปวิกกัย
246 31 ^aIntroduction and theory of communication
250    พิมพ์ครั้งที่ 7
260    กรุงเทพฯ :^bโรงพิมพ์มหาวิทยาลัยศรีปทุม,^c2553
300    140 หน้า :^bภาพประกอบ ;^c25 ซม.
650  4 การสื่อสาร
710 2  ^aมหาวิทยาลัยศรีปทุม. คณะนิเทศศาสตร์
999    ^aใช้งานได้ทุกระบบ
รายการนี้ยังไม่มีแท็ก
คุณยังไม่ได้ล็อกอิน คุณสามารถมีกิจกรรมร่วมกับเว็บไซต์ได้ แต่ต้องล็อกอินก่อน ::
  ล็อกอิน
ลำดับที่ ประเภท เลขเรียก สถานที่ สถานะ
1. หนังสือทั่วไป
หนังสือทั่วไป
สถานะ=หนังสือเก่า - บริการ ณ ห้องสมุด (ห้องเหลือง)
P90 ก426ค 2553  
  
วิทยาศาสตร์สุขภาพ On Shelf
  ขอยืม
   [แสดง 1/1 รายการ]

รายการใกล้เคียง
    หัวเรื่อง [การสื่อสาร]

BibComment


ยังไม่เคยถูกคอมเมนท์

คอมเมนท์ทรัพยากรรายการนี้
  คอมเมนท์: ความรู้เบื้องต้นแ..
Bib 211819

 
 
 

 Union Library Management : ULibM
Copyright 2026. All Rights Reserved.
скачать бесплатно без регистрации порно красивый секс HD Sex Hindi sex

xxx gou

xxxx

bfxxx

xxxwww

Секса Видео

xxxx

Секса Видео

detube

geilexxx

C99 Shell

worms shell

blod xxx video
Ebony Coed Rihanna Rimes Takes A Dick In Her Young Twat priyaa indian fuck anal and pusssy hardcore indian women xxx desi hardcore fucking part 1 bengalixxxcouple